000 02541nam a22003014c 4500
003 AR-BaSMT
008 260409b2025 aga|||br|||| 001 1 spa d
020 _a9789878448459
040 _aBSGB
_bespañol
_cBSGB
_erda
041 0 _aspa
_hespañol
080 _a82-343
100 1 _aCalifa, Oche
_9347
245 1 0 _aContame por qué... :
_bmitos y leyendas americanos
250 _aPrimera edición
264 1 _aBuenos aires :
_bLa estación ,
_c2025
300 _a48 páginas ;
_bilustraciones color
336 _2rdacontent
_atexto
_btxt
337 _2rdamedia
_asin mediación
_bn
338 _2rdacarrier
_avolumen
_bnc
490 _aMáquina de hacer lectores. Verdes
505 _aÍNDICE: ¿POR QUÉ SON ASÍ LOS ANIMALES Y LAS PLANTAS? ¿Por qué el sapo tiene el cuerpo achatado?, página 8 ¿Por qué los perros se huelen la colas?, página 10 ¿Por qué el tigre odia al zorro?, página 12 ¿Por qué se erizan los gatos? , página 15 ¿Por qué la tortuga tiene ese aspecto?, página 16 ¿Por qué la gallina picotea en la tierra y come lombrices?, página 18 ¿Por qué el cóndor tiene golilla?, página 20 ¿Por qué existen los peces y las focas?, página 24 ¿Por qué los hombres no tienen cola y los monos sí?, página 27 ¿Por qué el palo santo sirve para ahuyentar mosquitos?, página 28 ¿Por qué las flores del michay son rojas y amarillas?, página 32 ¿POR QUÉ SON ASÍ LAS COSAS? ¿Por qué sopla el viento zonda?, página 36 ¿Por qué el sol alumbra más que la luna?, página 39 ¿Por qué nos enamoramos?, página 40 ¿Por qué no llueve sobre la costa del Perú? página 42 ¿Por qué hay personas de diferentes tamaños?, página 44 ¿Por qué se producen los eclípces?, página 46 ¿Por qué existen las llanuras y las montañas?, página 47
520 _aContame por qué… reúne mitos, cuentos populares y leyendas de nuestro continente recopilados por Oche Califa, un escritor amante de las historias que se cuentan en distintos pueblos de América desde tiempos antiguos para explicar el origen de las cosas. En estas páginas se responde a una veintena de preguntas míticas, tales como por qué nos enamoramos, por qué el Sol alumbra más que la Luna, por qué se erizan los gatos y muchas otras que vale la pena descubrir.
_uhttps://laestacioneditora.com/books/contame-por-que 0904/2026
521 _aA partir de 9 años
650 7 _98
_aLITERATURA INFANTIL
650 7 _9103
_aMITOS Y LEYENDAS
_zArgentina
942 _2ddc
_aBOOK
999 _c620
_d620